Jakie to Miasto? (Europa) - Statystyki

Ogólne statystyki
  • Ten quiz został rozwiązany 53 razy
  • Średni wynik to 11 z 16
Statystyki odpowiedzi
Opis Miasto % Poprawnych
Największe miasto w Europie. M Moskwa
94%
"Miasto Miłości" P Paryż
92%
Stolica państwa w którym powstała Ikea. S Sztokholm
92%
Bardzo turystyczne miasto słynące z kanałów oraz gondol. W Wenecja
90%
Największe miasto na Śląsku. W Wrocław
90%
Największe miasto w Irlandii założone przez Wikingów. D Dublin
88%
Stolica Katalonii. B Barcelona
87%
Założone w 753r. p.n.e. R Rzym
85%
Kiedyś Konstantynopol. S Stambuł
83%
Największe Polskie miasto na litere "O" O Olsztyn
75%
Największe miasto nad Łabą, leży przy jejujściu do Morza Północnego. H Hamburg
65%
To tutaj leży słynna biznesowa dzielnica Canary Wharf. L Londyn
65%
Najstarszy uniwersytet w Europie. B Bolonia
50%
Włoskie miasto leżące 15 minut od Słowenii. T Triest
40%
Z tego Mołdawskiego miasta pochodzi klub piłkarski "Sheriff". T Tyraspol
35%
Najstarsze dalej istniejące miasto Europy. P Płowdiw
10%
Nie znaleziono quizów pasujących do podanych kryteriów
Rozkład punktacji
Procent ludzi z każdym wynikiem
Percentyl według liczby udzielonych odpowiedzi
Twoja historia wyników
Nie rozwiązałeś tego quizu